000 00693nam a2200253 i 4500
001 8665
003 ES-MaACL
005 20240522125808.0
007 t|
008 920819s1991 sp ||||1| spa d
020 _a8486181429
080 _a86-14"19"
080 _a86(Silva Cano,I.7 T.01)
100 1 _aSilva Cano, Isabel.
_9106388
245 1 0 _aTodo lo pierdes /
_cIsabel Silva Cano.
250 _a[1ª ed.].
260 _aMadrid :
_bAndrómeda,
_cD.L. 1991.
300 _a73 p. ;
_c21 cm.
490 1 _aAcuario ;
_v21
830 0 0 _aAcuario (Editorial Andrómeda) ;
_v21
_9236552
852 _aES-MaACL
_jL-16136
_bR.120014
942 _2udc
999 _c8665
_d8665